| 000 | 004420000a22001330004500 | ||
|---|---|---|---|
| 090 |
_aAR _b04458 |
||
| 245 | 1 | 0 |
_aDesenvolvimento de um programa integrado de controle dos nematódeos e a mosca dos chifres na reglao dos cerrados _sfase I |
| 041 | 0 | _aPortugues | |
| 700 | 1 |
_aBianchin, Ivo _998348 |
|
| 700 | 1 |
_aGomes, Alberto _998349 |
|
| 100 | 1 |
_aHoner, Michael Robin _998350 |
|
| 942 | _cARTICULO | ||
| 773 | 1 |
_tPesquisa em Andamento _h36 _q1-4 _d1987 |
|
| 999 |
_c13557 _d13557 |
||